[Event "Lovfalds EMT 20th C"]
[Site "Ringsted"]
[Date "2006.09.17"]
[Round "4"]
[White "Brand, Bjarne"]
[Black "Autzen, Torben"]
[Result "1/2-1/2"]
[WhiteElo "1681"]
[BlackElo "1704"]
[PlyCount "60"]
[EventDate "2006.09.15"]
[EventType "tourn"]
[EventRounds "5"]
[EventCountry "DEN"]
[SourceTitle "EXT 2023"]
[Source "ChessBase"]
[SourceDate "2022.10.05"]
[SourceVersion "1"]
[SourceVersionDate "2022.10.05"]
[SourceQuality "1"]

1. e4 e5 2. Nf3 Nc6 3. Bb5 g6 4. c3 Nf6 5. 0-0 Nxe4 6. Re1 Nd6 7. Bxc6 dxc6 8. Nxe5 Be6 9. d4 Bg7 10. Bf4 0-0 11. Nd2 Nf5 12. Nf1 Qd5 13. Ne3 Qb5 14. b3 Rad8 15. Nf3 Rd7 16. Be5 f6 17. Bg3 Nxg3 18. hxg3 Re8 19. Qc2 Rde7 20. Rad1 Qh5 21. c4 Bh6 22. d5 Bxe3 23. Rxe3 cxd5 24. cxd5 Bxd5 25. Rxe7 Rxe7 26. Qc5 Bxf3 27. Qxe7 Bxd1 28. Qe8+ Kg7 29. Qe7+ Kh6 30. Qf8+ Kg5 1/2-1/2

[Event "Lovfalds EMT 20th C"]
[Site "Ringsted"]
[Date "2006.09.16"]
[Round "3"]
[White "Olsen, Lars Moller"]
[Black "Autzen, Torben"]
[Result "0-1"]
[WhiteElo "1801"]
[BlackElo "1704"]
[PlyCount "52"]
[EventDate "2006.09.15"]
[EventType "tourn"]
[EventRounds "5"]
[EventCountry "DEN"]
[SourceTitle "EXT 2023"]
[Source "ChessBase"]
[SourceDate "2022.10.05"]
[SourceVersion "1"]
[SourceVersionDate "2022.10.05"]
[SourceQuality "1"]

1. d4 Nf6 2. c4 g6 3. Nc3 Bg7 4. e4 d6 5. f3 Nbd7 6. Be3 e5 7. d5 0-0 8. Nge2 a5 9. Na4 b6 10. Nec3 Nh5 11. Bd3 f5 12. Qc2 Nc5 13. Nxc5 bxc5 14. 0-0-0 Bd7 15. exf5 gxf5 16. g4 fxg4 17. Bxh7+ Kh8 18. Bg6 Rxf3 19. Qe2 Nf4 20. Bxf4 Rxf4 21. h3 Qg5 22. hxg4+ Bh6 23. Rh5 Bxg4 24. Rxg5 Bxe2 25. Rh1 Rf1+ 26. Rxf1 Bxf1 0-1

[Event "Lovfalds EMT 20th C"]
[Site "Ringsted"]
[Date "2006.09.15"]
[Round "1"]
[White "Madsen, Morten"]
[Black "Autzen, Torben"]
[Result "1/2-1/2"]
[WhiteElo "1853"]
[BlackElo "1704"]
[PlyCount "94"]
[EventDate "2006.09.15"]
[EventType "tourn"]
[EventRounds "5"]
[EventCountry "DEN"]
[SourceTitle "EXT 2023"]
[Source "ChessBase"]
[SourceDate "2022.10.05"]
[SourceVersion "1"]
[SourceVersionDate "2022.10.05"]
[SourceQuality "1"]

1. e4 e5 2. Nf3 Nc6 3. Bc4 Nf6 4. Qe2 Bc5 5. Bxf7+ Kxf7 6. Qc4+ d5 7. Qxc5 Nxe4 8. Qe3 Re8 9. d3 Nd6 10. 0-0 Nf5 11. Qe1 Nfd4 12. Nxd4 exd4 13. Qd1 Qd7 14. Bf4 Kg8 15. Nd2 Qf7 16. Bg3 Bf5 17. a3 a5 18. h3 Re6 19. Nf3 h6 20. Nh4 Ne5 21. Bxe5 Rxe5 22. Nf3 Re7 23. Nxd4 Bd7 24. Qf3 Rae8 25. Qxf7+ Kxf7 26. b4 a4 27. Rac1 c6 28. c4 dxc4 29. dxc4 Kf6 30. Rfd1 Bf5 31. Nxf5 Kxf5 32. Rc3 Re1+ 33. Rxe1 Rxe1+ 34. Kh2 Rb1 35. Kg3 Rb3 36. Re3 Rxe3+ 37. fxe3 Ke4 38. Kf2 b6 39. Ke2 c5 40. bxc5 bxc5 41. Kd2 g5 42. Ke2 h5 43. Kd2 Kf5 44. g3 h4 45. g4+ Ke6 46. Ke2 Ke5 47. Kf3 Kf6 1/2-1/2

[Event "Taastrup Quick Weekend 3rd B"]
[Site "Taastrup"]
[Date "2006.04.02"]
[Round "3"]
[White "Nilsson, Jonas Gosta"]
[Black "Autzen, Torben"]
[Result "1-0"]
[WhiteElo "1773"]
[BlackElo "1640"]
[PlyCount "57"]
[EventDate "2006.04.02"]
[EventType "tourn"]
[EventRounds "5"]
[EventCountry "DEN"]
[SourceTitle "EXT 2023"]
[Source "ChessBase"]
[SourceDate "2022.10.05"]
[SourceVersion "1"]
[SourceVersionDate "2022.10.05"]
[SourceQuality "1"]

1. e4 d6 2. d4 Nf6 3. Bd3 e5 4. Ne2 Nc6 5. Bb5 Bd7 6. f3 Nxd4 7. Nxd4 exd4 8. Bxd7+ Nxd7 9. Qxd4 Qh4+ 10. Qf2 Be7 11. g3 Qf6 12. Nc3 c6 13. Bf4 0-0 14. 0-0-0 b5 15. h4 b4 16. Ne2 Qe6 17. Kb1 c5 18. Bg5 f6 19. Be3 Nb6 20. Nf4 Qf7 21. Nd5 f5 22. Nxe7+ Qxe7 23. exf5 Rxf5 24. Bf4 Nc4 25. Qf1 d5 26. Qd3 Qf6 27. Bc1 Rd8 28. f4 Qf7 29. Qxc4 1-0

[Event "Lovfalds EMT 19th C"]
[Site "Ringsted"]
[Date "2005.09.18"]
[Round "5"]
[White "Brand, Bjarne"]
[Black "Autzen, Torben"]
[Result "1-0"]
[WhiteElo "1733"]
[BlackElo "1724"]
[PlyCount "73"]
[EventDate "2005.09.16"]
[EventType "tourn"]
[EventRounds "5"]
[EventCountry "DEN"]
[SourceTitle "EXT 2023"]
[Source "ChessBase"]
[SourceDate "2022.10.05"]
[SourceVersion "1"]
[SourceVersionDate "2022.10.05"]
[SourceQuality "1"]

1. Nf3 f5 2. d4 Nf6 3. Nc3 d5 4. Bg5 e6 5. e3 Be7 6. Bd3 Nbd7 7. Ne5 Nxe5 8. dxe5 Ne4 9. Bxe7 Qxe7 10. Bxe4 fxe4 11. 0-0 0-0 12. f3 exf3 13. Rxf3 Bd7 14. e4 Rxf3 15. gxf3 Bc6 16. exd5 Qc5+ 17. Kg2 exd5 18. Qd2 d4 19. Ne2 Qxe5 20. Nxd4 Rd8 21. c3 Bxf3+ 22. Kxf3 c5 23. Re1 Qh5+ 24. Kg3 cxd4 25. cxd4 Qg6+ 26. Kh3 Rf8 27. Qe3 Rf6 28. Qe8+ Qxe8 29. Rxe8+ Kf7 30. Rb8 Rb6 31. b3 h6 32. Kg4 Ke6 33. Kf4 Kd6 34. Ke4 Kc7 35. Rg8 Rg6 36. h4 Rg4+ 37. Ke5 1-0

[Event "Lovfalds EMT 19th C"]
[Site "Ringsted"]
[Date "2005.09.17"]
[Round "3"]
[White "Jensen, Mads"]
[Black "Autzen, Torben"]
[Result "1-0"]
[WhiteElo "1602"]
[BlackElo "1724"]
[PlyCount "77"]
[EventDate "2005.09.16"]
[EventType "tourn"]
[EventRounds "5"]
[EventCountry "DEN"]
[SourceTitle "EXT 2023"]
[Source "ChessBase"]
[SourceDate "2022.10.05"]
[SourceVersion "1"]
[SourceVersionDate "2022.10.05"]
[SourceQuality "1"]

1. d4 d5 2. c4 Nc6 3. Nc3 e6 4. Nf3 Nf6 5. Bg5 Be7 6. e3 0-0 7. Bd3 Nb4 8. 0-0 dxc4 9. Bxc4 Nfd5 10. Bxe7 Qxe7 11. Bxd5 Nxd5 12. Rc1 c6 13. Qb3 Rb8 14. Ne5 Bd7 15. Nxd5 exd5 16. Nxd7 Qxd7 17. Qa4 a6 18. Rc3 Rfe8 19. Rfc1 Re6 20. Rb3 Qc7 21. Rc5 Rh6 22. h3 g5 23. Rbc3 Qd6 24. e4 g4 25. Rg3 Rg6 26. Rxg4 Rxg4 27. hxg4 Qf4 28. exd5 cxd5 29. Rxd5 Rc8 30. Rc5 Rxc5 31. Qe8+ Kg7 32. dxc5 Qc1+ 33. Kh2 Qxc5 34. Qe3 Qxe3 35. fxe3 Kf6 36. Kg3 Kg5 37. Kf3 f6 38. e4 b6 39. b4 1-0

[Event "Frederikssund DSU 100 years D"]
[Site "Frederikssund"]
[Date "2003.02.07"]
[Round "1"]
[White "Autzen, Torben"]
[Black "Poulsen, Knud"]
[Result "0-1"]
[WhiteElo "1648"]
[BlackElo "1682"]
[PlyCount "31"]
[EventDate "2003.02.07"]
[EventType "tourn"]
[EventRounds "5"]
[EventCountry "DEN"]
[SourceTitle "EXT 2023"]
[Source "ChessBase"]
[SourceDate "2022.10.05"]
[SourceVersion "1"]
[SourceVersionDate "2022.10.05"]
[SourceQuality "1"]

1. e4 d5 2. exd5 Qxd5 3. Nc3 Qa5 4. d4 Nf6 5. Nf3 c6 6. Bc4 Bf5 7. 0-0 Qc7 8. Qe2 h6 9. Ne5 e6 10. Bf4 Bd6 11. d5 0-0 12. dxe6 fxe6 13. Rad1 Nd5 14. Nxd5 exd5 15. Bd3 Bxd3 16. Rxd3 0-1

[Event "Lovfalds 14th B"]
[Site "Ringsted"]
[Date "2000.09.16"]
[Round "3"]
[White "Haar, Bjarne"]
[Black "Autzen, Torben"]
[Result "1-0"]
[WhiteElo "1938"]
[BlackElo "1817"]
[PlyCount "41"]
[EventDate "2000.09.15"]
[EventType "tourn"]
[EventRounds "5"]
[EventCountry "DEN"]
[SourceTitle "EXT 2023"]
[Source "ChessBase"]
[SourceDate "2022.10.05"]
[SourceVersion "1"]
[SourceVersionDate "2022.10.05"]
[SourceQuality "1"]

1. e4 d6 2. d4 Nf6 3. Nc3 g6 4. f3 Bg7 5. Be3 0-0 6. Qd2 c6 7. 0-0-0 b5 8. g4 b4 9. Na4 a5 10. h4 h5 11. g5 Ne8 12. f4 Bd7 13. Bh3 Bxh3 14. Nxh3 Nd7 15. f5 Nc7 16. Nf4 Qe8 17. Qd3 Kh7 18. Qc4 e5 19. fxe6 Nxe6 20. Qxc6 Nd8 21. Qxa8 1-0

[Event "Lovfalds 14th B"]
[Site "Ringsted"]
[Date "2000.09.15"]
[Round "1"]
[White "Autzen, Torben"]
[Black "Krogh, Peter Ove"]
[Result "0-1"]
[WhiteElo "1817"]
[BlackElo "1929"]
[PlyCount "82"]
[EventDate "2000.09.15"]
[EventType "tourn"]
[EventRounds "5"]
[EventCountry "DEN"]
[SourceTitle "EXT 2023"]
[Source "ChessBase"]
[SourceDate "2022.10.05"]
[SourceVersion "1"]
[SourceVersionDate "2022.10.05"]
[SourceQuality "1"]

1. c4 Nf6 2. Nf3 b6 3. g3 Bb7 4. Bg2 e5 5. 0-0 Nc6 6. Nxe5 Nxe5 7. Bxb7 Rb8 8. Bg2 Nxc4 9. e4 Be7 10. d4 0-0 11. e5 Ne8 12. b3 Na5 13. f4 d6 14. Qg4 f5 15. Qd1 c5 16. d5 b5 17. Be3 Qc7 18. Nc3 b4 19. Ne2 Rc8 20. Rc1 dxe5 21. fxe5 Qxe5 22. Qd2 Bd6 23. Nd4 Qe7 24. Ne6 Rf7 25. Bg5 Qd7 26. Rf3 g6 27. Re1 Nf6 28. Rfe3 c4 29. Qd4 Ng4 30. R3e2 cxb3 31. h3 Bxg3 32. hxg4 Bxe1 33. Rxe1 bxa2 34. Qxb4 fxg4 35. Qxa5 Rc2 36. Nf4 Rb2 37. Rf1 Qb7 38. d6 Rxg2+ 39. Nxg2 Qb6+ 40. Qxb6 Rxf1+ 41. Kxf1 a1Q+ 0-1

[Event "Lovfalds 13th D"]
[Site "Ringsted"]
[Date "1999.09.19"]
[Round "5"]
[White "Hovmoller, Kristian"]
[Black "Autzen, Torben"]
[Result "1-0"]
[WhiteElo "1711"]
[BlackElo "1585"]
[PlyCount "59"]
[EventDate "1999.09.17"]
[EventType "tourn"]
[EventRounds "5"]
[EventCountry "DEN"]
[SourceTitle "EXT 2023"]
[Source "ChessBase"]
[SourceDate "2022.10.05"]
[SourceVersion "1"]
[SourceVersionDate "2022.10.05"]
[SourceQuality "1"]

1. d4 Nf6 2. c4 e6 3. Nc3 Bb4 4. e3 0-0 5. Bd3 c5 6. Nf3 Nc6 7. 0-0 cxd4 8. exd4 Bxc3 9. bxc3 h6 10. Bf4 d6 11. Re1 Nh5 12. Bd2 f5 13. d5 exd5 14. cxd5 Ne7 15. Nd4 Nf6 16. c4 Ng4 17. Qb3 Ng6 18. Nf3 Qb6 19. Qxb6 axb6 20. a3 N4e5 21. Nxe5 Nxe5 22. Bf1 f4 23. Bb4 Rf6 24. Bxd6 Nf3+ 25. gxf3 Rxd6 26. Re8+ Kf7 27. Rae1 Rxa3 28. Rxc8 Rxf3 29. Rc7+ Kf6 30. Rxb7 1-0